Mots de la langue française terminés par "reme" - Statistiques

Statistiques générales
  • Ce quiz a été pris 172 fois
  • Le résultat moyen est 6 sur 10
Statistiques - réponses
Indice Mot % Correct
huile sacrée chrême
96%
produit laitier crème
96%
tarif barème
89%
jeûne carême
89%
au-dessus de tous suprême
69%
poisson breme
64%
intense extrême
48%
proposition theorème
31%
galère trireme
25%
galère bireme
21%
Aucun quiz correspondant
Distribution des résultats
% des personnes avec chaque résultat
Percentile par nombre de réponses
Votre historique - résultats
Vous n’avez pas pris ce quiz